Visualizzazione normale
Vista MARC
- Bezze M.
di Personal Name
Records bibliografici associati: 1
001 - CONTROL NUMBER
- control field: 56286
003 - CONTROL NUMBER IDENTIFIER
- control field: IT-RoPau
005 - DATE AND TIME OF LATEST TRANSACTION
- control field: 20170310171838.0
008 - FIXED-LENGTH DATA ELEMENTS
- fixed length control field: 170310|| aca||aabn | a|a d
040 ## - CATALOGING SOURCE
- Original cataloging agency: IT-RoPau
- Transcribing agency: IT-RoPau
100 ## - HEADING--PERSONAL NAME
- Personal name: Bezze M.
670 ## - SOURCE DATA FOUND
- Source citation: Work cat.: (IT-RoPau): Vignola Barbero G. 56285, Adolescenti sicuri: fiducia nelle relazioni, 2015